000 02131cam a2200457 a 4500
001 ocm71812801
003 TZ-ArACH
005 20130423163652.0
008 060928s2006 enk b 001 0 eng
010 _a 2006032314
015 _aGBA671693
_2bnb
016 7 _a013536600
_2Uk
020 _a9780199283460
020 _a019928346X
035 _a(OCoLC)71812801
_z(OCoLC)71163841
040 _aDLC
_beng
_cTZ-ArACH
_dYDXCP
_dBAKER
_dUKM
_dC#P
_dYDX
_dBTCTA
_dMUQ
_dNLGGC
_dOCLCQ
_dUKMGB
041 _aEng
049 _aTZAA
050 0 0 _aK5171
_b.L49
082 0 0 _a345/.04
_222
100 1 _aLeverick, Fiona.
_99094
245 1 0 _aKilling in self-defence /
_cFiona Leverick.
260 _aOxford ;
_aNew York :
_bOxford University Press,
_c2006.
300 _axxviii, 217 p. ;
_c25 cm.
490 1 _a[Oxford monographs on criminal law and justice]
500 _aSeries from jacket.
504 _aIncludes bibliographical references (p. [197]-209) and index.
505 0 _aThe classification of defences -- The justification of self-defence -- Retreat -- Imminence of harm -- Self-generated self-defence -- Killing to protect property -- Killing to prevent rape -- Mistake -- The impact of the European Convention on Human Rights.
650 0 _aJustifiable homicide.
_99095
650 0 _aSelf-defense (Law)
_99096
650 6 _aHomicide excusable.
_99097
650 6 _aLégitime défense.
_99098
651 7 _aUnited Kingdom of Great Britain and Northern Ireland.
_99099
830 0 _a[Oxford monographs on criminal law and justice].
_99100
856 4 1 _3Table of contents only
_uhttp://catdir.loc.gov/catdir/toc/ecip072/2006032314.html
856 4 2 _3Contributor biographical information
_uhttp://catdir.loc.gov/catdir/enhancements/fy0724/2006032314-b.html
856 4 2 _3Publisher description
_uhttp://catdir.loc.gov/catdir/enhancements/fy0724/2006032314-d.html
942 _2lcc
_cBOOK
999 _c2171
_d2171